Random Filipino to English Words #11 - Statistics

General Stats
  • This quiz has been taken 13 times
  • The average score is 7 of 15
Answer Stats
Hint Answer % Correct
What Ano
100%
Place Lugar
90%
Name Pangalan
90%
Church Simbahan
90%
Work Trabaho
90%
Going Pumunta
50%
Stay Manatili
40%
Snack Meryenda
40%
Hate Poot
40%
State Estado
30%
Midnight Hatingabi
30%
Shore Pampang
20%
Fan Tagahanga
20%
Stick Dikit
0%
Maybe Marahil
0%
No matching quizzes found
Score Distribution
Percent of People with Each Score
Percentile by Number Answered
Your Score History
You have not taken this quiz